15/ Calendrier de l'Avent - lieux - Statistiques

Statistiques générales
  • Ce quiz a été pris 20 fois
  • Le résultat moyen est 9 sur 24
Statistiques - réponses
Indice Indice 2 Lieu % Correct
8 Ville rose briques Toulouse
100%
9 RDA + RFA 1989 Allemagne
84%
6 Région de l'est cigognes Alsace
84%
10 On y mange du porridge UK Royaume-Uni
79%
22 Région méridionale PA... Provence-Alpes-Côte-d'Azur
53%
19 Petit département Lion Territoire-de-Belfort
53%
7 Pays européen péninsule Espagne
47%
14 Département montagnard Tarbes Hautes-Pyrénées
47%
4 Département des andouillettes 3 Aube
37%
2 Commune de la Marne Homophone d'un paresseux Ay
37%
13 Un pays de cassoulet Confit Castelnaudary
37%
5 Rivière et département du centre Indre
32%
11 Dans l'Hérault Antigone Montpellier
32%
12 Saint dans l'Aisne La Tour Saint-Quentin
26%
16 Ré On peut y voir La Rochelle Charente-Maritime
21%
18 Département de soleil et de montagne Anchois Pyrénées-Orientales
21%
20 Frontalier de l'Italie Carnaval Alpes-de-Haute-Provence
16%
3 Département Gain Lot
16%
1 Commune de la Somme pénultième Y
16%
21 Phocéenne de l'Oise Chef-lieu Marseille-en-Beauvaisis
5%
23 Commune de Gironde où il ne oleut pas plus qu'ailleurs 40 jours Saint-Médard-en-Jalles
5%
15 Ville nouvelle du Nord Stade Villeneuve-d'Ascq
5%
24 Près d'Ouistreham Station balnéaire Merville-Franceville-Plage
0%
17 Lieu de villégiature imaginaire TLB Tataouine-les-Bains
0%
Aucun quiz correspondant
Distribution des résultats
% des personnes avec chaque résultat
Percentile par nombre de réponses
Votre historique - résultats
Vous n’avez pas pris ce quiz